|
|
|
|
| LEADER |
03044nam a2200421 a 4500 |
| 001 |
21312 |
| 003 |
BD-DhAAL |
| 008 |
101013r20092005nyua b 001 0 eng d |
| 010 |
|
|
|a 90048758
|
| 020 |
|
|
|a 0471504874 (acid-free paper)
|
| 020 |
|
|
|a 9788126510436
|
| 040 |
|
|
|a DLC
|c DLC
|d DLC
|d BD-DhAAL
|
| 082 |
0 |
0 |
|a 575.1
|2 23
|
| 100 |
1 |
|
|a Gardner, Eldon John,
|d 1909-
|9 1680
|
| 245 |
1 |
0 |
|a Principles of genetics /
|c Eldon John Gardner, Michael J. Simmons, D. Peter Snustad.
|
| 250 |
|
|
|a Eighth edition.
|
| 260 |
|
|
|a New York ;
|a New Delhi :
|b Wiley,
|c c2005 [reprinted 2009, 2011, 2018].
|
| 300 |
|
|
|a xviii, 649, G-12, A-31, I-19 pages :
|b illustrations (some colors) ;
|c 29 cm.
|
| 504 |
|
|
|a Includes bibliographical references and index.
|
| 526 |
|
|
|a PHR
|
| 541 |
|
|
|a R. K. Corporation
|e 21312, 41494, 41495
|
| 650 |
|
0 |
|a Genetics.
|9 118
|
| 650 |
|
0 |
|a Pharmacy.
|9 44449
|
| 700 |
1 |
|
|a Simmons, Michael J.
|9 1681
|
| 700 |
1 |
|
|a Snustad, D. Peter.
|9 1682
|
| 852 |
4 |
|
|a Ayesha Abed Library
|c General Stacks
|
| 942 |
|
|
|2 ddc
|c BK
|
| 999 |
|
|
|c 9785
|d 9785
|
| 952 |
|
|
|0 0
|1 0
|2 ddc
|4 0
|6 575_100000000000000_GAR_2009
|7 0
|9 12461
|a BRACUL
|b BRACUL
|c GEN
|d 2010-10-13
|e Book Web
|g 780.00
|l 15
|m 119
|o 575.1 GAR
|p 3010021312
|r 2025-10-08
|s 2025-06-17
|t 1
|w 2010-10-13
|y BK
|
| 952 |
|
|
|0 0
|1 0
|2 ddc
|4 0
|6 575_100000000000000_GAR_2009
|7 0
|9 12462
|a BRACUL
|b BRACUL
|c GEN
|d 2010-10-13
|e Book Web
|g 780.00
|l 15
|m 73
|o 575.1 GAR
|p 3010021313
|q 2025-12-01
|r 2025-06-24
|s 2025-06-24
|t 2
|w 2010-10-13
|y BK
|
| 952 |
|
|
|0 0
|1 0
|2 ddc
|4 0
|6 575_100000000000000_GAR_2009
|7 0
|9 12463
|a BRACUL
|b BRACUL
|c GEN
|d 2010-10-13
|e Book Web
|g 780.00
|l 15
|m 98
|o 575.1 GAR
|p 3010021314
|r 2025-08-11
|s 2025-02-10
|t 3
|w 2010-10-13
|y BK
|
| 952 |
|
|
|0 0
|1 0
|2 ddc
|4 0
|6 575_100000000000000_GAR
|7 0
|9 18688
|a BRACUL
|b BRACUL
|c GEN
|d 2011-11-27
|e Mullick & Brothers
|g 900.00
|l 14
|m 130
|o 575.1 GAR
|p 3010023864
|r 2025-04-09
|s 2025-02-10
|t 4
|w 2011-11-27
|y BK
|
| 952 |
|
|
|0 0
|1 0
|2 ddc
|4 0
|6 575_100000000000000_GAR
|7 0
|9 18689
|a BRACUL
|b BRACUL
|c GEN
|d 2011-11-27
|e Mullick & Brothers
|g 900.00
|l 19
|m 143
|o 575.1 GAR
|p 3010023865
|r 2025-03-15
|s 2024-10-22
|t 5
|w 2011-11-27
|y BK
|
| 952 |
|
|
|0 0
|1 0
|2 ddc
|4 0
|6 575_100000000000000_GAR
|7 0
|9 18690
|a BRACUL
|b BRACUL
|c GEN
|d 2011-11-27
|e Mullick & Brothers
|g 900.00
|l 24
|m 152
|o 575.1 GAR
|p 3010023866
|r 2025-12-24
|s 2025-12-17
|t 6
|w 2011-11-27
|y BK
|
| 952 |
|
|
|0 0
|1 0
|2 ddc
|4 0
|6 575_100000000000000_GAR
|7 0
|9 18691
|a BRACUL
|b BRACUL
|c GEN
|d 2011-11-27
|e Mullick & Brothers
|g 900.00
|l 23
|m 91
|o 575.1 GAR
|p 3010023867
|r 2025-04-27
|s 2025-03-02
|t 7
|w 2011-11-27
|y BK
|
| 952 |
|
|
|0 0
|1 0
|2 ddc
|4 0
|6 575_100000000000000_GAR
|7 0
|9 18692
|a BRACUL
|b BRACUL
|c GEN
|d 2011-11-27
|e Mullick & Brothers
|g 900.00
|l 20
|m 129
|o 575.1 GAR
|p 3010023868
|r 2024-10-22
|s 2024-06-02
|t 8
|w 2011-11-27
|y BK
|
| 952 |
|
|
|0 0
|1 0
|2 ddc
|4 0
|6 575_100000000000000_GAR
|7 0
|9 73906
|a BRACUL
|b BRACUL
|c GEN
|d 2023-07-12
|e R. K. Corporation
|g 4000.00
|l 6
|m 60
|o 575.1 GAR
|p 3010041495
|r 2026-04-18
|s 2025-10-25
|t 10
|v 4000.00
|w 2023-07-12
|y BK
|
| 952 |
|
|
|0 0
|1 0
|2 ddc
|4 0
|6 575_100000000000000_GAR
|7 0
|9 73907
|a BRACUL
|b BRACUL
|c GEN
|d 2023-07-12
|e R. K. Corporation
|g 4000.00
|l 9
|m 78
|o 575.1 GAR
|p 3010041494
|r 2026-04-09
|s 2026-02-02
|t 9
|v 4000.00
|w 2023-07-12
|y BK
|